| 000 | 00389nam a2200121Ia 4500 | ||
|---|---|---|---|
| 008 | 200924s9999 xx 000 0 und d | ||
| 020 | _a978-621-8070-40-0 | ||
| 100 | _aJerusalem, Leo Benjamin | ||
| 245 |
_cLeo Benjamin Jerusalem _aIntroduction to food and beverages services/ |
||
| 260 |
_aManila: _bFastbooks _c2019 |
||
| 300 |
_axvi, 240 pages _c25 cm. |
||
| 650 | _aFood service management | ||
| 999 |
_c364463 _d364463 |
||